| 000 | 00000nam##2200000za#4500 |
| 001 | 9.687609 |
| 003 | CaOODSP |
| 005 | 20210624231043 |
| 007 | cr ||||||||||| |
| 008 | 150407|2005||||xxc|||||o f|0| 0 eng|d |
| 020 | |a0-662-40889-6 |
| 040 | |aCaOODSP|beng |
| 043 | |an-cn--- |
| 086 | 1 |aHP2-2/2004E-PDF |
| 110 | 2 |aPublic Health Agency of Canada. |
| 245 | 10|aFamily Violence Initiative performance report 2002-2003 to 2003-2004 / |h[electronic resource]|cprepared by Wanda Jamieson. |
| 260 | |aOttawa - Ontario : |bPublic Health Agency of Canada |c2005. |
| 300 | |a48p.|bfig., graphs, table |
| 500 | |aThe catalogue number and ISBN for the bilingual print edition have been incorrectly copied in this electronic publication. |
| 590 | |a06-10-Supp|b2006-12-15 |
| 690 | 07|aFamily violence|2gcpds |
| 690 | 07|aPerformance assessment|2gcpds |
| 690 | 07|aPrevention|2gcpds |
| 690 | 07|aFederal programs|2gcpds |
| 720 | 1 |aJamieson, Wanda |
| 775 | 08|tL'Initiative de lutte contre la violence familiale - rapport sur le rendement pour la période 2002-2003 et 2003-2004 / |w(CaOODSP)9.632052 |
| 856 | 40|ahttp://publications.gc.ca|qPDF|s774 KB|uhttps://publications.gc.ca/collections/Collection/HP2-2-2004E.pdf |